Návrh separácie lítia pomocou kryštalizácie

Uložené v:
Podrobná bibliografia
Hlavný autor: Lang, Matej (Autor)
Ďalší autori: Červeňanský, Ivan (Vedúci práce)
Médium: Rukopis Kniha
Jazyk:Slovak
Vydavateľské údaje: 2025
Predmet:
On-line prístup:http://is.stuba.sk/zp/portal_zp.pl?podrobnosti=176106
Tagy: Pridať tag
Žiadne tagy, Buďte prvý, kto otaguje tento záznam!

MARC

LEADER 00000ntm a22000003a 4500
001 stuzp105050
003 SK-STU
005 20250628212323.6
007 ta
008 150427s2015----xo-----f-mn---000-0-slo-d
040 |a STU  |b slo 
041 0 |a slo 
100 1 |a Lang, Matej  |u 046230  |4 aut  |U FCHPT Ústav chemického a environmentálneho inžinierstva  |T FCHPT Oddelenie chemického a biochemického inžinierstva  |X 121423  |U C6230  |Y 119  |7 121423 
242 0 1 |a Design of Lithium Separation Using Crystallization  |y eng 
245 1 0 |a Návrh separácie lítia pomocou kryštalizácie 
260 |c 2025 
650 4 |a lítium  |2 slo 
650 4 |a modelovanie  |2 slo 
650 4 |a populačná bilancia  |2 slo 
650 4 |a kryštalizácia  |2 slo 
650 4 |a crystallization  |2 eng 
650 4 |a modelling  |2 eng 
650 4 |a lithium  |2 eng 
650 4 |a population balance  |2 eng 
700 1 |a Červeňanský, Ivan  |u 046230  |k Z1  |4 ths  |U FCHPT Ústav chemického a environmentálneho inžinierstva  |T FCHPT Oddelenie chemického a biochemického inžinierstva  |X 44034  |U C6230  |Y 119  |7 A00000044034 
856 4 |u http://is.stuba.sk/zp/portal_zp.pl?podrobnosti=176106